EDUCATIONAL PHILOSOPHY (Record no. 170956)

MARC details
000 -LEADER
fixed length control field 00470nam a2200181Ia 4500
003 - CONTROL NUMBER IDENTIFIER
control field OSt
005 - DATE AND TIME OF LATEST TRANSACTION
control field 20260212151017.0
020 ## - INTERNATIONAL STANDARD BOOK NUMBER
International Standard Book Number 978-81-89005-70-2
040 ## - CATALOGING SOURCE
Transcribing agency LC
050 ## - LIBRARY OF CONGRESS CALL NUMBER
Classification number LB 875 .A 76 2010
100 ## - MAIN ENTRY--PERSONAL NAME
Personal name ARORA, NEETA
245 #0 - TITLE STATEMENT
Title EDUCATIONAL PHILOSOPHY
260 ## - PUBLICATION, DISTRIBUTION, ETC.
Place of publication, distribution, etc. NEW DELHI,
Name of publisher, distributor, etc. SAURABH PUBLISHING HOUSE,
Date of publication, distribution, etc. 2010,
300 ## - PHYSICAL DESCRIPTION
Extent 286 P, ILL
500 ## - GENERAL NOTE
General note INCLUDES BIBLIOGRAPHICAL REFERENCES AND INDEX
650 ## - SUBJECT ADDED ENTRY--TOPICAL TERM
Topical term or geographic name entry element Education-Philosophy
942 ## - ADDED ENTRY ELEMENTS (KOHA)
Koha item type Long Loan Book
Source of classification or shelving scheme Library of Congress Classification
Holdings
Withdrawn status Lost status Source of classification or shelving scheme Damaged status Not for loan Collection Home library Current library Shelving location Date acquired Inventory number Total checkouts Full call number Barcode Date last seen Copy number Price effective from Koha item type
    Library of Congress Classification     Arts & Social Sciences Kisii University Library Kisii University Library On Display 09/15/2023 40121   LB 875 .A76 2010 000000010265 09/15/2023 C.2 09/15/2023 Long Loan Book